000 01348nam a2200301 i 4500
001 172040
003 ES-MaACL
005 20250808062823.0
007 t|
008 090612s1988 sp ||||1| spa d
020 _a84-220-1332-0
100 0 _aAgustín
_cSanto, Obispo de Hipona.
_9125563
245 1 0 _aObras completas de San Agustín.
_nXXXIX,
_pEscritos varios (1º) /
_cintroducción, versión y notas de Lope Cilleruelo... [et al.] ; [revisión del texto latino por Miguel Fuertes Lanero, Enrique Garmón y José Oroz Reta].
250 _aEd. bilingüe.
260 _aMadrid :
_bLa Editorial Católica,
_c1988.
300 _aXVI, 752 p. ;
_c20 cm.
490 1 _aBiblioteca de autores cristianos ;
_v499
500 _aÍndices.
505 8 _aContiene: La inmortalidad del alma ; La música ; La fe y el símbolo de los apóstoles ; La catequesis a principiantes ; La fe y las obras ; Sermón sobre la disciplina cristiana ; Sermón a los catecúmenos sobre el símbolo de los apóstoles
546 _aTexto latino y traducción en español.
700 1 _aCilleruelo, Lope.
_938829
700 1 _aFuertes Lanero, Miguel.
_9140541
700 1 _aGarmón, Enrique.
_9140644
700 0 _aOroz Reta, José.
_987324
830 0 0 _aBiblioteca de autores cristianos
_v499
_9178679
852 _aES-MaACL
_jJ-486
999 _c172040
_d172040